Netflix Original Shows - Statistics

General Stats
  • This quiz has been taken 1,171 times
    924 since last reset
  • The average score is 9 of 140
Answer Stats
Hint Answer % Correct
2016 (Science Fiction/Horror) Stranger Things
79%
2013 (Comedy-drama) Orange Is the New Black
38%
2017 (Teen Drama/Mystery) 13 Reasons Why
36%
2016 (Science Fiction Anthology Series) Black Mirror (Seasons 3-4)
32%
2016 (Historical Drama) The Crown
32%
2019 (Coming of Age Comedy-Drama) Sex Education
30%
2013 (Political Drama) House of Cards
26%
2019 (Superhero Action) The Umbrella Academy
25%
2019 (Fantasy/Police Procedural) Lucifer (Season 4)
24%
2017 (Crime Drama) Ozark
22%
2015 (Crime Drama) Narcos
20%
2015 (Crime/Legal Drama) Marvel's Daredevil
19%
2014 (Black comedy-drama) BoJack Horseman
17%
2018 (Supernatural Coming-of-Age Horror) Chilling Adventures of Sabrina
17%
2015 (Neo-noir/Psychological Thriller) Marvel's Jessica Jones
17%
2016 (Neo-blaxploitation) Marvel's Luke Cage
17%
2017 (Coming-of-Age Comedy) Big Mouth
16%
2017 (Coming-of-age Comedy) Atypical
14%
2018 (Coming-of-Age Comedy) On My Block
14%
2017 (Martial Arts/Mystery Fiction) Marvel's Iron Fist
13%
2019 (Mystery Drama) The Society
13%
2017 (Drama) Mindhunter
12%
2015 (Science Fiction) Sense8
12%
2019 (Thriller) Shadow
12%
2016 (Sitcom) Fuller House
11%
2018 (Dark Comedy-Drama) Insatiable
11%
2016 (Romantic Comedy) Love
11%
2017 (Crime Drama/Thriller) Marvel's The Punisher
11%
2018 (Horror) The Haunting
11%
2017 (Miniseries) Marvel's The Defenders
10%
2015 (Comedy) Unbreakable Kimmy Schmidt
10%
2013 (Comedy) Arrested Development (Seasons 4-5)
8%
2019 (Dark Comedy-Drama) Dead to Me
8%
2015 (Comedy-drama) Grace and Frankie
8%
2016 (Mystery) The OA
8%
2019 (Comedy) After Life
7%
2018 (Science Fiction) Lost in Space
7%
2019 (Comedy) Russian Doll
7%
2019 (Comedy) The Politician
7%
2017 (Black-comedy Mystery) A Series of Unfortunate Events
6%
2018 (Coming-of-Age Comedy) Everything Sucks!
6%
2017 (Comedy-drama) GLOW
6%
2017 (Sitcom) One Day at a Time
6%
2017 (Comedy-horror) Santa Clarita Diet
6%
2019 (Supernatural Horror Drama) The Order
6%
2018 (Science Fiction) Altered Carbon
5%
2017 (Mockumentary) American Vandal
5%
2019 (Dark Comedy) Daybreak
5%
2017 (Satire/Drama) Dear White People
5%
2019 (Political Thriller Designated Survivor (Season 3)
5%
2018 (Fantasy Comedy) Disenchantment
5%
2016 (Family Drama) Gilmore Girls: A Year in the Life
5%
2015 (Comedy-drama) Master of None
5%
2016 (Sitcom) The Ranch
5%
2019 (Coming-of-Age Drama) Trinkets
5%
2019 (Drama) When They See Us
5%
2019 (Zombie Drama) Black Summer
4%
2015 (Thriller) Bloodline
4%
2015 (Sitcom) F Is for Family
4%
2018 (Crime Drama) Narcos: Mexico
4%
2019 (Science-Fiction Drama) Raising Dion
4%
2019 (Science-Fiction) Another Life
3%
2019 (Dark Comedy) Bonding
3%
2017 (Comedy) Girlboss
3%
2017 (Western) Godless
3%
2013 (Horror/Thriller) Hemlock Grove
3%
2019 (Anthology) Love, Death & Robots
3%
2018 (Dark Comedy) Maniac
3%
2014 (Historical Drama) Marco Polo
3%
2019 (Comedy) Mr. Iglesias
3%
2018 (Comedy) Paradise PD
3%
2018 (Crime Drama) Seven Seconds
3%
2016 (Musical Drama) The Get Down
3%
2019 (Science Fiction Thriller) The I-Land
3%
2017 (Period Drama) The Last Kingdom (Seasons 2-3)
3%
2019 (Crime Drama) Top Boy (Season 3)
3%
2019 (Drama) Unbelievable
3%
2019 (Social Thriller Anthology) What/If
3%
2019 (Drama) Armistead Maupin's Tales of the City (Season 4)
2%
2017 (Dark Fantasy) Castlevania
2%
2019 (Teen Psychological Thriller) Chambers
2%
2017 (Comedy) Disjointed
2%
2016 (Romantic Comedy Anthology Series) Easy
2%
2019 (Comedy) Family Reunion
2%
2017 (Psychological Thriller) Gypsy
2%
2016 (Comedy) Haters Back Off
2%
2019 (Comedy-Drama) Living with Yourself
2%
2019 (Horror) Slasher (Season 3)
2%
2019 (Comedy) Special
2%
2019 (Fantasy) The Dark Crystal: Age of Resistance
2%
2018 (Supernatural Fiction) The Innocents
2%
2014 (Crime Drama) The Killing (Season 4)
2%
2018 (Comedy The Kominsky Method
2%
2014 (Mockumentary) Trailer Park Boys (Seasons 8-12)
2%
2018 (Science Fiction/Drama) Travelers (Season 3)
2%
2019 (Science Fiction) 7SEEDS
1%
2018 (Comedy) Aggretsuko
1%
2018 (Science Fiction) A.I.C.O. -Incarnation-
1%
2018 (Comedy) All About the Washingtons
1%
2018 (Martial Arts) Baki
1%
2018 (Science Fiction) B: The Beginning
1%
2019 (Police Procedural Anthology Series) Criminal: UK
1%
2018 (Supernatural Horror) Devilman Crybaby
1%
2016 (Comedy) Flaked
1%
2017 (Comedy) Friends from College
1%
2017 (Paranormal-Drama) Glitch (Season 2)
1%
2018 (Crime) Hero Mask
1%
2019 (Comedy) Huge in France
1%
2019 (Sketch Comedy) I Think You Should Leave with Tim Robinson
1%
2019 (Comedy) It's Bruno!
1%
2019 (Action) Knights of the Zodiac: Saint Seiya
1%
2016 (Comedy) Lady Dynamite
1%
2015 (Crime Drama) Longmire (Seasons 4-6)
1%
2018 (Musical Fantasy) Lost Song
1%
2016 (Comedy) Lovesick (Seasons 2-3)
1%
2019 (Comedy) Lunatics
1%
2017 (Science Fantasy Comedy) Neo Yokio
1%
2017 (Comedy) Real Rob (Season 2)
1%
2017 (Comedy-Drama) She's Gotta Have It
1%
2018 (Superhero-LGBT Comedy) Super Drags
1%
2018 (Police Procedural Comedy-Drama) The Good Cop
1%
2018 (Supernatural Crime Drama) Tidelands
1%
2019 (Comedy) Tuca & Bertie
1%
2019 (Comedy) Turn Up Charlie
1%
2019 (Science Fiction) Ultraman
1%
2015 (Sketch Comedy) W/ Bob & David
1%
2015 (Satirical Comedy) Wet Hot American Summer: First Day of Camp
1%
2019 (Supernatural Martial Arts Drama) Wu Assassins
1%
2019 (Fantasy) Cannon Busters
0%
2019 (Action) Kengan Ashura
0%
2017 (Comic Science Fiction) Mystery Science Theater 3000: The Return
0%
2016 (Sketch Comedy) Netflix Presents: The Characters
0%
2019 (Stop Motion Slice of Life) Rilakkuma and Kaoru
0%
2019 (Action/Supernatural) Seis Manos
0%
2018 (Supernatural) SWORDGAI The Animation
0%
2017 (Stand-up Comedy) The Standups
0%
2016 (Mockumentary) Trailer Park Boys Out of the Park: Europe
0%
2017 (Mockumentary) Trailer Park Boys Out of the Park: USA
0%
2019 (Mockumentary) Trailer Park Boys: The Animated Series
0%
2017 (Satirical Comedy) Wet Hot American Summer: Ten Years Later
0%
No matching quizzes found
Score Distribution
Percent of People with Each Score
Percentile by Number Answered
Your Score History
You have not taken this quiz since the last reset